Music Quiz

Random Music or Album Quiz

The Rolling Stones Albums Quiz Stats

 Plays Quiz Updated Sep 19, 2019

Score 0/23 Timer 06:00
2 Plays Today
Year Album % Correct
1971Sticky Fingers
84.4%
1972Exile on Main St.
81.6%
1964The Rolling Stones
81.3%
1969Let It Bleed
77.6%
1968Beggars Banquet
73.6%
1978Some Girls
72.5%
1973Goats Head Soup
70.9%
1981Tattoo You
69.3%
1989Steel Wheels
64.3%
1966Aftermath
63.8%
1976Black and Blue
63.7%
2016Blue & Lonesome
63.1%
Year Album % Correct
1974It's Only Rock 'n' Roll
62.1%
1994Voodoo Lounge
60.1%
2005A Bigger Bang
59.4%
1997Bridges to Babylon
58.8%
1967Their Satanic Majesties Request
57.6%
1980Emotional Rescue
57.4%
1967Between the Buttons
57.3%
1965Out of Our Heads
54.7%
1983Undercover
53.2%
1986Dirty Work
49.7%
1965The Rolling Stones No. 2
49.5%

You're not logged in!

Compare scores with friends on all Sporcle quizzes.
OR
Log In

Sporcle TV

Today on Sporcle TV


Watch our educational content, quiz creation guides, and fun videos on Sporcle TV.

Show Comments

Extras

Top Quizzes Today


Score Distribution

Your Account Isn't Verified!

In order to create a playlist on Sporcle, you need to verify the email address you used during registration. Go to your Sporcle Settings to finish the process.

Report this User

Report this user for behavior that violates our Community Guidelines.

Details: